logo

Bir Sreshtho Munshi Abdur Rouf Library
Jhenaidah Cadet College

Physics / (Record no. 8907)

MARC details
000 -LEADER
fixed length control field 00734cam a2200265 i 4500
001 - CONTROL NUMBER
JCCL Control Number 8907
003 - CONTROL NUMBER IDENTIFIER
JCCL marc code BD-JhCC
005 - DATE AND TIME OF LATEST TRANSACTION
control field 20180925122407.0
008 - FIXED-LENGTH DATA ELEMENTS--GENERAL INFORMATION
fixed length control field 750428s1963 ny a b 001 0 eng
035 ## - SYSTEM CONTROL NUMBER
system control number (BD-JhCC)8907
040 ## - CATALOGING SOURCE
Original cataloging agency DLC
Transcribing agency DLC
Modifying agency DLC
-- ICU
041 ## - LANGUAGE CODE
Language code of Book eng
050 00 - LIBRARY OF CONGRESS CALL NUMBER
Classification number QC176
Item number .O38
082 00 - DEWEY DECIMAL CLASSIFICATION NUMBER
Classification number 530
Author mark and Year STA 1963
100 1# - MAIN ENTRY--PERSONAL NAME
Personal name Starling, S.G.
245 10 - TITLE STATEMENT
Title Physics /
Statement of responsibility, etc S.G.Starling, A.J. Woodall
260 ## - PUBLICATION, DISTRIBUTION, ETC. (IMPRINT)
Place of publication, distribution, etc Great Briten :
Name of publisher, distributor, etc The English Language book society
Date of publication, distribution, etc 1963
300 ## - PHYSICAL DESCRIPTION
Pagination xv, 669 p. :
Other physical details ill. ;
Dimensions 24 cm.
440 #0 -
Title Addison-Wesley series in solid state sciences
504 ## - BIBLIOGRAPHY, ETC. NOTE
Bibliography, etc Includes bibliographies and index.
650 #0 - SUBJECT ADDED ENTRY--TOPICAL TERM
Topical term or geographic name as entry element physics.
700 ## - ADDED ENTRY--PERSONAL NAME
Personal name Woodall, A.J.
942 ## - ADDED ENTRY ELEMENTS (KOHA)
Source of classification or shelving scheme Dewey Decimal Classification
Koha item type Books
Holdings
Source of classification or shelving scheme Damaged status Not for loan Home library Current library Shelving location Total Checkouts Full call number Barcode Date last seen Copy number Koha item type
Dewey Decimal Classification     JCC Rouf Library JCC Rouf Library General Stacks   530 STA 1963 11710 03/05/2018 C - 1 Books

JCC Library | Contacts | JCC Home

Last Update on 23 September 2017
Copyright @ 2017-2020 JCC Rouf Library
Rouf Library, Jhenidah Cadet College (JCC), Bangladesh